00733nam a22001577a 450000500170000000800410001708200210005824500300007926000640010930000170017365000230019094200070021399900170022095201690023795201690040620260407124739.0260407b |||||||| |||| 00| 0 eng d a330.95491bECO-S aEconomic Survey 1999-2000 aPakistan bGovernment of Pakistan, Finance Division, c2000 aXXII, 165 p. aManagement Science cBK c47238d47238 00w2026-04-071040708Management Science aAUSCbAUSCcEconomicsd2026-04-07eGifted By Dr. Salman Hasan l0o330.95491 ECO-SpAUHEG0009r2026-04-07 12:48:42yBK 00w2026-04-071040708Management Science aAUSCbAUSCcEconomicsd2026-04-07eGifted By Dr. Salman Hasan l0o330.95491 ECO-SpAUHEG0033r2026-04-07 12:48:00yBK